[Event "Asian Individual Women"]
[Site "Al Ain UAE"]
[Date "2025.05.07"]
[Round "1.1"]
[White "Luong Phuong Hanh"]
[Black "Garifullina, Leya"]
[Result "1/2-1/2"]
[WhiteTitle "WIM"]
[BlackTitle "IM"]
[WhiteElo "2144"]
[BlackElo "2467"]
[WhiteFideId "12401013"]
[BlackFideId "34127035"]
[EventDate "2025.05.07"]

1. e4 c5 2. Nf3 e6 3. d4 cxd4 4. Nxd4 Nc6 5. Bf4 d6 6. Nxc6 bxc6 7. Bd3 e5 8.
Be3 Nf6 9. O-O Ng4 10. Bc1 Qh4 11. h3 Nf6 12. Nd2 h6 13. Nf3 Qh5 14. Nh2 Qg6 15.
Qf3 Be7 16. Re1 O-O 17. Nf1 Re8 18. Ng3 Nh7 19. Bc4 Be6 20. Bxe6 Qxe6 21. Qg4
Qxg4 22. hxg4 Rab8 23. b3 d5 24. Bb2 d4 25. Nf1 Nf6 26. f3 Nd7 27. c3 c5 28. Ba3
Bg5 29. Bc1 Bd8 30. Rd1 Re6 31. Ne3 Ra6 32. Nc2 Nf8 33. Bd2 Ne6 34. cxd4 exd4
35. Ne1 Bg5 36. Bxg5 hxg5 37. Nd3 Rb5 38. Rdc1 Ra3 39. Kh2 Rba5 40. Rc2 f6 41.
Nc1 Kf7 42. Rb1 Ke7 43. Rbb2 Rb5 44. Nd3 a5 45. Rc4 Kd6 46. g3 a4 47. Rxa4 Rxa4
48. bxa4 Rxb2+ 49. Nxb2 c4 50. Nxc4+ Kc5 51. Nb2 Kb4 52. Kg2 Kc3 53. Nd1+ Kc2
54. Nf2 d3 55. a5 Nc5 56. f4 d2 57. e5 fxe5 58. fxe5 Nd3 59. e6 Nxf2 60. e7 d1=Q
61. e8=Q Qd2 62. Kf3 Nh3 63. Qc6+ Kb2 64. Qb6+ Ka1 65. a6 Qd5+ 66. Ke3 Qe5+ 67.
Kd2 Qd5+ 68. Kc3 Qf3+ 69. Kc4 Qe2+ 70. Kd5 Qf3+ 71. Kc5 Nf2 72. Qb7 Qe3+ 73. Kd5
Kxa2 74. Kc6 Qc3+ 75. Kd7 Qd4+ 76. Kc7 Ne4 77. a7 Qd6+ 78. Kc8 Qf8+ 79. Kc7 Qd6+
80. Kc8 Qf8+ 1/2-1/2

[Event "Asian Individual Women"]
[Site "Al Ain UAE"]
[Date "2025.05.07"]
[Round "1.2"]
[White "Gunina, Valentina"]
[Black "Enkhrii Enkh-Amgalan"]
[Result "1-0"]
[WhiteTitle "GM"]
[BlackTitle "WFM"]
[WhiteElo "2425"]
[BlackElo "2142"]
[WhiteFideId "4167570"]
[BlackFideId "4907272"]
[EventDate "2025.05.07"]

1. d4 d5 2. c4 e6 3. Nc3 a6 4. c5 e5 5. e3 c6 6. Nf3 Nd7 7. Be2 Qe7 8. O-O e4 9.
Nd2 h5 10. f3 exf3 11. Nxf3 f5 12. Qe1 h4 13. e4 dxe4 14. Bg5 Ndf6 15. Nxh4 Qc7
16. h3 Ne7 17. Na4 Nfd5 18. Bxe7 Nxe7 19. Nb6 Rb8 20. Bc4 g5 21. Nxc8 Qxc8 22.
Nxf5 Nxf5 23. Qxe4+ Ne7 24. Rae1 Qc7 25. Qg6+ Kd7 26. Be6+ Kd8 27. Qf6 Bg7 28.
Qxg7 Re8 29. Rf8 Qg3 30. Rxe8+ Kxe8 31. Qf7+ Kd8 32. Qf8+ Kc7 33. Qxe7# 1-0

[Event "Asian Individual Women"]
[Site "Al Ain UAE"]
[Date "2025.05.07"]
[Round "1.3"]
[White "Dorokhina, Elizaveta"]
[Black "Girya, Olga"]
[Result "1/2-1/2"]
[WhiteTitle "WFM"]
[BlackTitle "GM"]
[WhiteElo "2135"]
[BlackElo "2400"]
[WhiteFideId "44172966"]
[BlackFideId "4195752"]
[EventDate "2025.05.07"]

1. d4 Nf6 2. c4 e6 3. Nf3 d5 4. Nc3 Be7 5. g3 O-O 6. Bg2 dxc4 7. Ne5 c5 8. dxc5
Qxd1+ 9. Nxd1 Bxc5 10. O-O Nd5 11. Ne3 Bxe3 12. Bxe3 Nxe3 13. fxe3 1/2-1/2

[Event "Asian Individual Women"]
[Site "Al Ain UAE"]
[Date "2025.05.07"]
[Round "1.4"]
[White "Song, Yuxin"]
[Black "Nadirjanova, Nodira"]
[Result "1-0"]
[WhiteTitle "IM"]
[BlackTitle "WIM"]
[WhiteElo "2397"]
[BlackElo "2130"]
[WhiteFideId "8614300"]
[BlackFideId "14201232"]
[EventDate "2025.05.07"]

1. d4 Nf6 2. c4 e6 3. Nf3 d5 4. Nc3 Be7 5. g3 O-O 6. Bg2 dxc4 7. Ne5 c5 8. dxc5
Qxd1+ 9. Nxd1 Bxc5 10. O-O Nd5 11. Ne3 Bxe3 12. Bxe3 c3 13. bxc3 Nxc3 14. Bf3
Rd8 15. Rac1 Nd5 16. Rfd1 Nc6 17. Nxc6 bxc6 18. Rxc6 Bb7 19. Rcc1 Nxe3 20. Rxd8+
Rxd8 21. Bxb7 Rd1+ 22. Rxd1 Nxd1 23. Kf1 Nc3 24. a3 Kf8 25. Ke1 Ke7 26. Ba6 Nb1
27. Kd1 Nc3+ 28. Kc2 Ne4 29. f3 Nc5 30. Bc4 Kd6 31. Kc3 Kc6 32. e4 f6 33. Kd4 1-0

[Event "Asian Individual Women"]
[Site "Al Ain UAE"]
[Date "2025.05.07"]
[Round "1.5"]
[White "Fronda, Jan Jodilyn"]
[Black "Pham, Le Thao Nguyen"]
[Result "0-1"]
[WhiteTitle "WIM"]
[BlackTitle "IM"]
[WhiteElo "2120"]
[BlackElo "2388"]
[WhiteFideId "5204585"]
[BlackFideId "12401226"]
[EventDate "2025.05.07"]

1. e4 c6 2. d4 d5 3. e5 Bf5 4. c4 e6 5. Nc3 Ne7 6. h3 h6 7. Nf3 Nd7 8. a4 dxc4
9. Bxc4 Nb6 10. Bd3 a5 11. O-O Nbd5 12. Ne4 Nc8 13. Ng3 Bg6 14. h4 Bb4 15. h5
Bxd3 16. Qxd3 O-O 17. Bd2 Nce7 18. Rfe1 Bxd2 19. Qxd2 Nb4 20. Re4 Qd5 21. Rg4
Kh8 22. Ra3 Rad8 23. Qf4 Qd7 24. Rxg7 Kxg7 25. Qf6+ Kh7 26. Ng5+ hxg5 27. h6 Nf5
28. Nxf5 Rg8 29. Ne7 Rdf8 30. Rf3 Nd5 31. Nxg8 Rxg8 32. Qxf7+ Qxf7 33. Rxf7+
Kxh6 34. Rxb7 Kg6 35. f3 Rd8 36. Kf2 Nb4 37. Re7 Rxd4 38. Rxe6+ Kf5 39. Re8 Rd2+
40. Ke3 Rxg2 41. b3 Rc2 42. e6 Rc5 43. Kd4 Rd5+ 44. Kc4 Kf6 45. Kc3 Re5 46. Kd4
Rf5 47. Kc4 Nd5 48. Kd4 Ne7 49. Rf8+ Kxe6 50. Rxf5 Nxf5+ 51. Kc5 Kd7 52. Kb6 Nd4
53. Kxa5 Kc7 54. Kb4 Nxf3 55. Kc3 g4 56. Kd3 g3 0-1

[Event "Asian Individual Women"]
[Site "Al Ain UAE"]
[Date "2025.05.07"]
[Round "1.7"]
[White "Jiang, Tianyu"]
[Black "Vantika, Agrawal"]
[Result "0-1"]
[BlackTitle "IM"]
[WhiteElo "2118"]
[BlackElo "2377"]
[WhiteFideId "8627215"]
[BlackFideId "25050389"]
[EventDate "2025.05.07"]

1. e4 c5 2. Nf3 d6 3. Bb5+ Bd7 4. Bxd7+ Nxd7 5. O-O e6 6. Qe2 Be7 7. c3 Ngf6 8.
d4 O-O 9. Bg5 h6 10. Bh4 a6 11. e5 dxe5 12. dxe5 Nd5 13. Bxe7 Nxe7 14. a4 Qc7
15. Nbd2 Nc6 16. Rfe1 Rfd8 17. Nf1 Nf8 18. h4 Ng6 19. h5 Nge7 20. Qe4 Rd7 21.
Ne3 Nd5 22. Ng4 Rad8 23. Nh4 Nce7 24. Qf3 Qc6 25. Re4 c4 26. Rae1 b5 27. Qg3 Nf5
28. Qh3 Nxh4 29. Qxh4 0-1

[Event "Asian Individual Women"]
[Site "Al Ain UAE"]
[Date "2025.05.07"]
[Round "1.8"]
[White "Tokhirjonova, Gulrukhbegim"]
[Black "Fisabilillah, Ummi"]
[Result "1/2-1/2"]
[WhiteTitle "IM"]
[BlackTitle "WIM"]
[WhiteElo "2369"]
[BlackElo "2115"]
[WhiteFideId "14203626"]
[BlackFideId "7104804"]
[EventDate "2025.05.07"]

1. Nf3 Nf6 2. g3 d5 3. Bg2 g6 4. O-O Bg7 5. d4 O-O 6. c4 c6 7. cxd5 cxd5 8. Ne5
Ng4 9. Nxg4 Bxg4 10. h3 Be6 11. Nc3 Nc6 12. e3 Qc8 13. Kh2 Rd8 14. Bd2 b6 15.
Qe2 Qb7 16. Rfc1 Rac8 17. b3 f5 18. Na4 Bf7 19. Bc3 e6 20. Nb2 Rc7 21. Nd3 Rdc8
22. Qd2 Be8 23. Bf1 1/2-1/2

[Event "Asian Individual Women"]
[Site "Al Ain UAE"]
[Date "2025.05.07"]
[Round "1.9"]
[White "Kaldarova, Ayaulym"]
[Black "Nandhidhaa, P V"]
[Result "1/2-1/2"]
[WhiteTitle "WIM"]
[BlackTitle "WGM"]
[WhiteElo "2115"]
[BlackElo "2363"]
[WhiteFideId "13720503"]
[BlackFideId "5050847"]
[EventDate "2025.05.07"]

1. Nf3 Nf6 2. g3 d5 3. Bg2 e6 4. c4 d4 5. d3 c5 6. e4 dxe3 7. Bxe3 Nc6 8. d4
cxd4 9. Nxd4 Nxd4 10. Qxd4 Bb4+ 11. Nc3 Qe7 12. a3 e5 13. Qd2 Bxc3 14. Qxc3 Bf5
15. O-O Be4 16. Bxe4 Nxe4 17. Qc2 Nf6 18. Qa4+ Qd7 19. Qb4 Qc6 20. Rfd1 a5 21.
Qb5 O-O 22. Qxc6 bxc6 23. f3 Rab8 24. b4 h6 25. Bd2 axb4 26. axb4 e4 27. Bc3 Ra8
28. Rxa8 1/2-1/2

[Event "Asian Individual Women"]
[Site "Al Ain UAE"]
[Date "2025.05.07"]
[Round "1.10"]
[White "Batkhuyag, Munguntuul"]
[Black "Shen, Zhiyuan"]
[Result "1-0"]
[WhiteTitle "IM"]
[BlackTitle "WFM"]
[WhiteElo "2359"]
[BlackElo "2103"]
[WhiteFideId "4900758"]
[BlackFideId "8608482"]
[EventDate "2025.05.07"]

1. e4 c5 2. Nf3 Nc6 3. d4 cxd4 4. Nxd4 e5 5. Nb5 d6 6. N1c3 a6 7. Na3 Be6 8. Nc4
b5 9. Ne3 Nf6 10. g3 g6 11. Bg2 Bg7 12. O-O O-O 13. a4 b4 14. Ncd5 a5 15. Nc4
Bxd5 16. exd5 Ne7 17. Be3 Rb8 18. Rc1 Nf5 19. Bd2 Qc7 20. b3 Qc5 21. c3 Nxd5 22.
cxb4 Nxb4 23. Ne3 Qa7 1-0

[Event "Asian Individual Women"]
[Site "Al Ain UAE"]
[Date "2025.05.07"]
[Round "1.11"]
[White "Vishwa, Vasnawala"]
[Black "Padmini, Rout"]
[Result "1/2-1/2"]
[WhiteTitle "WIM"]
[BlackTitle "IM"]
[WhiteElo "2090"]
[BlackElo "2359"]
[WhiteFideId "46658467"]
[BlackFideId "5029295"]
[EventDate "2025.05.07"]

1. d4 Nf6 2. c4 g6 3. g3 c5 4. d5 e6 5. Nc3 exd5 6. cxd5 d6 7. Bg2 Bg7 8. Nf3
O-O 9. O-O Re8 10. Nd2 a6 11. a4 Nbd7 12. h3 Nh5 13. Nde4 Qc7 14. g4 Nhf6 15.
Nxf6+ Nxf6 16. e4 Bd7 17. f4 h6 18. Re1 Nh7 19. h4 Bd4+ 20. Be3 Bxe3+ 21. Rxe3
g5 22. hxg5 hxg5 23. f5 Re5 24. Rh3 f6 25. Rh6 Be8 26. Qf3 Rd8 27. Bf1 c4 28.
Qf2 Rc8 29. Be2 Re7 30. a5 Qc5 31. Qxc5 Rxc5 32. Kf2 Kg7 33. Rh3 Nf8 34. Ke3 Bf7
35. Kd4 Rec7 36. Ra4 Nd7 37. Rxc4 Rxc4+ 38. Bxc4 Ne5 39. Be2 Be8 40. Rh1 Bd7 41.
Rh3 1/2-1/2

[Event "Asian Individual Women"]
[Site "Al Ain UAE"]
[Date "2025.05.07"]
[Round "1.12"]
[White "Kamalidenova, Meruert"]
[Black "Priyanka, K"]
[Result "1-0"]
[WhiteTitle "IM"]
[BlackTitle "WIM"]
[WhiteElo "2345"]
[BlackElo "2087"]
[WhiteFideId "13712802"]
[BlackFideId "5082986"]
[EventDate "2025.05.07"]

1. e4 e5 2. Nf3 Nc6 3. Bb5 a6 4. Ba4 d6 5. O-O Bg4 6. h3 Bh5 7. c3 Be7 8. d4 b5
9. Bb3 Nf6 10. Be3 Na5 11. Bc2 Nc4 12. Bc1 d5 13. b3 dxe4 14. dxe5 Qxd1 15. Bxd1
Nd7 16. bxc4 exf3 17. g4 Bg6 18. Bxf3 O-O-O 19. cxb5 Nxe5 20. Bg2 axb5 21. a4
bxa4 22. Bf4 Nd3 23. Rxa4 Kd7 24. Bg3 Bd6 25. Bxd6 Kxd6 26. f4 f5 27. Na3 Rhe8
28. Nb5+ Kd7 29. Ra7 Rc8 30. Nd4 Re1 31. gxf5 Bf7 32. Rxe1 Nxe1 33. Be4 Bc4 34.
Ra1 Nd3 35. Ra4 Nb2 36. Bc6+ Kd6 37. Rb4 Bd5 38. Bxd5 c5 39. Rxb2 Kxd5 40. Ne2
Ke4 41. Kf2 Rc7 42. Rb6 Rf7 43. Re6+ Kd3 44. Re5 Rc7 45. Kf3 c4 46. Re3+ Kd2 47.
h4 Rb7 48. Re4 Rc7 49. h5 h6 50. Rd4+ Kc2 51. Rd6 Rf7 52. Ke3 Re7+ 53. Re6 Rf7
54. f6 gxf6 55. Kd4 1-0

[Event "Asian Individual Women"]
[Site "Al Ain UAE"]
[Date "2025.05.07"]
[Round "1.13"]
[White "Buyankhishig, Batpelden"]
[Black "Kairbekova, Amina"]
[Result "1-0"]
[WhiteTitle "WCM"]
[BlackTitle "WIM"]
[WhiteElo "2081"]
[BlackElo "2344"]
[WhiteFideId "4923537"]
[BlackFideId "13712799"]
[EventDate "2025.05.07"]

1. d4 Nf6 2. c4 g6 3. Nc3 Bg7 4. e4 d6 5. Be2 O-O 6. Nf3 e5 7. O-O h6 8. dxe5
dxe5 9. Qc2 Nc6 10. Nd5 Bg4 11. Be3 Bxf3 12. Bxf3 Nd7 13. Bg4 Nf6 14. Bh3 Nh7
15. Bc5 Nd4 16. Qd3 Re8 17. f4 c6 18. fxe5 cxd5 19. Qxd4 dxe4 20. Bd6 Ng5 21.
Bg4 h5 22. Be2 h4 23. h3 b6 24. Rad1 Qc8 25. b4 a5 26. b5 Qb7 27. Qe3 Bh6 28.
Qf2 Ne6 29. Qxh4 Bg7 30. Bg4 Rac8 31. Rc1 a4 32. Qf2 Bh6 33. Rc3 e3 34. Qh4 Bg5
35. Qg3 Bh6 36. Bf3 Qa7 37. Bd5 e2 38. Re1 Bd2 39. Rf3 Bxe1 40. Qxe1 Qd7 41. Rf6
Kg7 42. Qxe2 Nd8 43. Qe3 Qa7 44. Qg5 Ne6 45. Bxe6 Rxe6 46. Rxe6 fxe6 47. Be7 Qa5
48. Qf6+ Kh7 49. Qh4+ Kg8 50. Bf6 Qb4 51. Qh8+ Kf7 52. Qg7+ Ke8 53. Qg8+ 1-0

[Event "Asian Individual Women"]
[Site "Al Ain UAE"]
[Date "2025.05.07"]
[Round "1.14"]
[White "Khamdamova, Afruza"]
[Black "Imomkuzieva, Nilufarkhon"]
[Result "1-0"]
[WhiteTitle "WIM"]
[BlackTitle "WFM"]
[WhiteElo "2344"]
[BlackElo "2080"]
[WhiteFideId "14210444"]
[BlackFideId "14216736"]
[EventDate "2025.05.07"]

1. e4 e5 2. Nf3 Nc6 3. Bb5 a6 4. Ba4 Nf6 5. O-O d6 6. c4 Bg4 7. h3 Bxf3 8. Qxf3
g6 9. Nc3 Bg7 10. d3 O-O 11. Bxc6 bxc6 12. c5 d5 13. Bg5 d4 14. Nb1 Rb8 15. b3
h6 16. Bd2 Nd7 17. Rc1 Qe7 18. b4 Qe6 19. Na3 f5 20. Nc4 f4 21. Na5 Rbd8 22. Qg4
Qf6 23. Qd1 Kh7 24. a4 g5 25. b5 axb5 26. axb5 cxb5 27. c6 Nb6 28. Rab1 Qe6 29.
Kh2 Rg8 30. Rxb5 Bh8 31. Qg4 Qf7 32. Nb7 Rb8 33. Ba5 h5 34. Qf5+ Qxf5 35. exf5
Na8 36. Rd5 Bf6 37. Nc5 Rb5 38. Nd7 1-0

[Event "Asian Individual Women"]
[Site "Al Ain UAE"]
[Date "2025.05.07"]
[Round "1.15"]
[White "Sanudula, K M Dahamdi"]
[Black "Alinasab, Mobina"]
[Result "1/2-1/2"]
[WhiteTitle "WCM"]
[BlackTitle "WGM"]
[WhiteElo "2072"]
[BlackElo "2342"]
[WhiteFideId "9932470"]
[BlackFideId "12528897"]
[EventDate "2025.05.07"]

1. d4 Nf6 2. Bf4 d5 3. e3 c5 4. c3 e6 5. Bd3 Bd6 6. Bg3 Qc7 7. f4 O-O 8. Nf3 Ne4
9. Nbd2 f5 10. O-O Nd7 11. Ne5 Ndf6 12. Bh4 c4 13. Nxe4 Nxe4 14. Bxe4 fxe4 15.
Qe2 a5 16. Rfc1 Bd7 17. Qc2 Be8 18. Qe2 b5 19. a3 Rb8 20. Qd1 b4 21. cxb4 axb4
22. b3 Bxe5 23. fxe5 bxa3 24. bxc4 dxc4 25. Rxa3 Qf7 26. Ra2 Bb5 27. Qg4 Qd7 28.
Qxe4 Bc6 29. Qg4 Rb3 30. Bf2 Qd5 31. Rac2 Kh8 32. h3 Rb4 33. Bh4 Rf7 34. Qg5 h6
35. Qd8+ Qxd8 36. Bxd8 Be4 37. Ra2 Bd5 38. Bh4 Kh7 39. Be1 Rb3 40. Bf2 Rc7 41.
Rac2 Rf7 42. Rc3 Be4 43. Rxc4 Rb2 44. d5 exd5 45. e6 Rfxf2 46. Rxe4 Rxg2+ 47.
Kh1 Rh2+ 48. Kg1 Rbg2+ 49. Kf1 Ra2 50. Kg1 dxe4 51. e7 Rag2+ 52. Kf1 Ra2 53. Kg1
Ra8 54. Kxh2 Re8 55. Rc7 g5 56. h4 Kg6 57. hxg5 hxg5 58. Kg3 Kf5 59. Rc5+ Kf6
60. Kg4 Rxe7 61. Rxg5 Rh7 62. Kf4 Rh4+ 63. Rg4 Rxg4+ 64. Kxg4 Kg6 65. Kf4 Kf6
66. Kxe4 Ke6 67. Kd4 Kd6 68. e4 Ke6 69. e5 Ke7 70. Kd5 Kd7 71. e6+ Ke7 72. Ke5
Ke8 1/2-1/2

[Event "Asian Individual Women"]
[Site "Al Ain UAE"]
[Date "2025.05.07"]
[Round "1.16"]
[White "Nurman, Alua"]
[Black "Gunawardhana, Devindya Oshini"]
[Result "1-0"]
[WhiteTitle "WGM"]
[BlackTitle "WIM"]
[WhiteElo "2338"]
[BlackElo "2068"]
[WhiteFideId "13729390"]
[BlackFideId "29941482"]
[EventDate "2025.05.07"]

1. e4 e5 2. Nf3 Nc6 3. d4 exd4 4. Nxd4 Bc5 5. Be3 Qf6 6. c3 Nge7 7. Bb5 Bb6 8.
O-O O-O 9. a4 a6 10. Bc4 Ne5 11. Be2 d5 12. f4 N5c6 13. e5 Qh6 14. Qd2 Bxd4 15.
cxd4 f5 16. b4 Be6 17. Qc3 Rfc8 18. Nd2 Nb8 19. b5 a5 20. Qa3 Ng6 21. Nf3 Nf8
22. Rac1 Qg6 23. Nh4 Qh6 24. g3 Nbd7 25. Qd3 g6 26. Rc3 Nb6 27. Qc2 Qg7 28. g4
Qe7 29. Nxf5 gxf5 30. gxf5 Bf7 31. f6 Qe8 32. f5 Kh8 33. Bh6 c5 34. Qd2 cxd4 35.
Qg5 Ng6 36. Rxc8 Qxc8 37. fxg6 Bxg6 38. Bg4 Qc5 39. Bg7+ Kg8 40. Be6+ 1-0

[Event "Asian Individual Women"]
[Site "Al Ain UAE"]
[Date "2025.05.07"]
[Round "1.17"]
[White "Malikova, Marjona"]
[Black "Bodnaruk, Anastasia"]
[Result "0-1"]
[WhiteTitle "WIM"]
[BlackTitle "IM"]
[WhiteElo "2060"]
[BlackElo "2332"]
[WhiteFideId "14212463"]
[BlackFideId "4181751"]
[EventDate "2025.05.07"]

1. d4 Nf6 2. c4 g6 3. g3 Bg7 4. Bg2 O-O 5. Nc3 Nc6 6. Nf3 d5 7. cxd5 Nxd5 8. e4
Nb6 9. d5 Na5 10. O-O c6 11. Nd4 e6 12. Nb3 Nac4 13. dxc6 bxc6 14. Qc2 a5 15.
Rd1 Qe7 16. Nd2 Ne5 17. Nf3 Nxf3+ 18. Bxf3 a4 19. Be3 Nc4 20. Bd4 e5 21. Nxa4
exd4 22. Qxc4 Be6 23. Qc2 Qb4 24. b3 d3 25. Qxd3 Bxa1 26. Rxa1 Rfd8 27. Qc2 Rd2
28. Qxc6 Rc8 29. Qb6 Qa3 30. Kg2 Rcc2 31. Rf1 h5 32. Bd1 Rc1 33. Qb8+ Kh7 34.
Bxh5 Rxf1 35. Bxg6+ Kg7 36. Qe5+ Kxg6 37. Qc3 0-1

[Event "Asian Individual Women"]
[Site "Al Ain UAE"]
[Date "2025.05.07"]
[Round "1.18"]
[White "Nomin-Erdene, Davaademberel"]
[Black "Shokirjonova, Barchinoy"]
[Result "1-0"]
[WhiteTitle "IM"]
[BlackTitle "WFM"]
[WhiteElo "2330"]
[BlackElo "2043"]
[WhiteFideId "4900782"]
[BlackFideId "14212307"]
[EventDate "2025.05.07"]

1. e4 e6 2. d3 d5 3. Nd2 Nf6 4. g3 c5 5. Bg2 Nc6 6. Ngf3 Be7 7. O-O O-O 8. Re1
a6 9. e5 Nd7 10. Nf1 b5 11. h4 Bb7 12. h5 Re8 13. N1h2 Nf8 14. h6 g6 15. Ng4 Nd4
16. Nxd4 cxd4 17. Qf3 Nd7 18. Qf4 Qc7 19. Re2 f5 20. exf6 Qxf4 21. Bxf4 Nxf6 22.
Bh3 Bc8 23. Ne5 Bc5 24. Nf3 e5 25. Bxc8 e4 26. Bb7 exf3 27. Re5 Rxe5 28. Bxe5
Ra7 29. Bc6 Kf7 30. Bxf6 Kxf6 31. Bxd5 Bf8 32. c4 dxc3 33. bxc3 Bxh6 34. c4 Rd7
35. Rb1 Bd2 36. Rd1 Bb4 37. Bc6 Ra7 38. Bxf3 bxc4 39. dxc4 Rc7 40. Bd5 a5 41.
Rd3 Re7 42. a4 g5 43. g4 Kg6 44. Bf3 Rc7 45. Be4+ Kf6 46. Bd5 h6 47. Kg2 Bc5 48.
Rf3+ Kg7 49. Rf5 Bb4 50. Rf3 Re7 51. Rd3 Re8 52. Bc6 Re7 53. Kf3 Rf7+ 54. Kg3
Be1 55. Bf3 Bb4 56. Rd8 Rf8 57. Rd5 Rc8 58. Rd7+ Kf6 59. Bd5 Ke5 60. Rh7 Bf8 61.
Kf3 Kd4 62. Rh8 Rb8 63. Be6 Rd8 64. Rh7 Rb8 65. Ra7 Bb4 66. Rd7+ Ke5 67. Bf7 Rc8
68. Ke2 Kf4 69. f3 Ke5 70. Kd3 Bd6 71. Bd5 Rb8 72. Bb7 Bb4 73. Rh7 Rd8+ 74. Bd5
Bf8 75. Rf7 Rb8 76. Ra7 Bb4 77. Ra6 Rh8 78. Re6+ Kf4 79. Kd4 Rc8 80. Rf6+ Kg3
81. Rxh6 Bc5+ 82. Ke4 Rf8 83. Rc6 Bf2 84. Ke5 Rb8 85. Ra6 Bb6 86. Kf5 Bd8 87.
Ra8 Rxa8 88. Bxa8 Kf2 89. c5 Ke3 90. Ke6 Kd4 91. Kd7 1-0

[Event "Asian Individual Women"]
[Site "Al Ain UAE"]
[Date "2025.05.07"]
[Round "1.19"]
[White "Swati, Ghate"]
[Black "Rakshitta, Ravi"]
[Result "0-1"]
[WhiteTitle "WGM"]
[BlackTitle "WGM"]
[WhiteElo "2035"]
[BlackElo "2324"]
[WhiteFideId "5003474"]
[BlackFideId "25073230"]
[EventDate "2025.05.07"]

1. e4 e5 2. Nf3 Nc6 3. Bb5 Nge7 4. O-O Ng6 5. d4 exd4 6. Nxd4 Bc5 7. Be3 Bxd4 8.
Bxd4 Qg5 9. Bxc6 bxc6 10. Qd2 Qxd2 11. Nxd2 O-O 12. c4 d6 13. Rfe1 c5 14. Bc3
Re8 15. a3 f5 16. Ba5 fxe4 17. Bxc7 Bf5 18. Nf1 Ne5 19. Ne3 Be6 20. b3 Nd3 21.
Red1 Re7 22. Bxd6 Rb7 23. Rab1 a5 24. Bg3 a4 25. bxa4 Rxb1 26. Rxb1 Rxa4 27. Rb3
Bxc4 28. Rc3 Be6 29. f3 c4 30. fxe4 Nc5 31. Nd1 Nxe4 32. Re3 Nxg3 33. hxg3 Ra6
34. Kf2 Kf7 35. Ke1 Bd5 36. Kd2 Bxg2 37. Kc3 Rxa3+ 38. Kxc4 Ra1 39. Nc3 g5 40.
Kd4 Kg6 41. Kd3 Kf5 42. Ke2 Rc1 43. Kd2 Ra1 44. Ke2 Bc6 45. Nd1 Bb5+ 46. Kd2
Ra2+ 47. Ke1 h5 48. Nc3 Ra1+ 49. Kf2 Bc6 50. Ne2 Ra2 51. Rc3 Bb7 52. Ke3 Ba6 53.
Rc5+ Kg4 54. Nc3 Rc2 55. Kd4 Rd2+ 56. Ke5 Bb7 57. Rc7 Bf3 58. Rg7 Rd3 59. Ne4
Bxe4 60. Kxe4 Rxg3 0-1

[Event "Asian Individual Women"]
[Site "Al Ain UAE"]
[Date "2025.05.07"]
[Round "1.20"]
[White "Frayna, Janelle Mae"]
[Black "Kiran, Manisha Mohanty"]
[Result "1-0"]
[WhiteTitle "WGM"]
[BlackTitle "WGM"]
[WhiteElo "2314"]
[BlackElo "2031"]
[WhiteFideId "5212499"]
[BlackFideId "5019575"]
[EventDate "2025.05.07"]

1. e4 c5 2. Nf3 d6 3. Bb5+ Bd7 4. c4 Nf6 5. Nc3 e5 6. O-O Be7 7. d3 Nc6 8. Bxc6
bxc6 9. Ne1 O-O 10. f4 exf4 11. Bxf4 Be6 12. Nf3 d5 13. b3 Nh5 14. Be5 dxc4 15.
dxc4 f6 16. Qxd8 Rfxd8 17. Bc7 Rd3 18. Na4 Rc8 19. Ba5 g5 20. Nb2 Re3 21. Rae1
Rxe1 22. Nxe1 Nf4 23. Ned3 Nxd3 24. Nxd3 Re8 25. Bc3 Kg7 26. Rd1 Kg6 27. h3 h5
28. Kf2 Bf8 29. Bb2 Bc8 30. Re1 Rd8 31. Ke2 Re8 32. Kd2 g4 33. h4 Bd6 34. e5
fxe5 35. Bxe5 Be7 36. Bd6 Kf6 37. Bxe7+ Rxe7 38. Rxe7 Kxe7 39. Nf4 Kf6 40. Nxh5+
Ke5 41. Ke3 Bf5 42. Nf4 Bb1 43. Nd3+ Bxd3 44. Kxd3 Kf4 45. h5 Kg5 46. g3 Kxh5
47. Ke4 Kg5 48. Ke5 a6 49. Ke4 1-0

[Event "Asian Individual Women"]
[Site "Al Ain UAE"]
[Date "2025.05.07"]
[Round "1.21"]
[White "Arya G Mallar"]
[Black "Balabayeva, Xeniya"]
[Result "0-1"]
[BlackTitle "WGM"]
[WhiteElo "2014"]
[BlackElo "2311"]
[WhiteFideId "25115324"]
[BlackFideId "13719688"]
[EventDate "2025.05.07"]

1. d4 d5 2. c4 e6 3. Nf3 Nf6 4. g3 Be7 5. Bg2 O-O 6. O-O dxc4 7. Qc2 c6 8. Nbd2
b5 9. b3 cxb3 10. Nxb3 a5 11. a4 Ba6 12. axb5 Bxb5 13. Ba3 Bxa3 14. Rxa3 Nbd7
15. Rc1 a4 16. Nbd2 Qe7 17. Raa1 a3 18. Nc4 Nd5 19. e4 Nb4 20. Qc3 Bxc4 21. Qxc4
Rfb8 22. Nd2 e5 23. Nb3 a2 24. Rd1 Nb6 25. Qe2 Ra3 26. Qb2 Nc4 27. Qc1 Rxb3 28.
Qxc4 Rb2 29. Qc3 Nc2 30. Rac1 exd4 31. Qxc6 a1=Q 32. Rxa1 Nxa1 33. Rxa1 d3 34.
Bf1 Qd8 35. Qc3 Qb6 36. Qe1 d2 37. Qd1 Qd4 38. Qg4 d1=Q 39. Rxd1 Qxf2+ 40. Kh1
Qxh2# 0-1

[Event "Asian Individual Women"]
[Site "Al Ain UAE"]
[Date "2025.05.07"]
[Round "1.22"]
[White "Mungunzul, Bat-Erdene"]
[Black "Noshin, Anjum"]
[Result "1-0"]
[WhiteTitle "WCM"]
[BlackTitle "WFM"]
[WhiteElo "2302"]
[BlackElo "2013"]
[WhiteFideId "4902831"]
[BlackFideId "10218564"]
[EventDate "2025.05.07"]

1. d4 Nf6 2. c4 e6 3. Nf3 Bb4+ 4. Bd2 Bxd2+ 5. Qxd2 b6 6. Nc3 Bb7 7. g3 d6 8.
Bg2 Nbd7 9. O-O O-O 10. d5 e5 11. b4 Ba6 12. Qd3 g6 13. Nd2 Ne8 14. e4 f5 15. a4
f4 16. a5 Bb7 17. Bh3 Nef6 18. Nb3 g5 19. Be6+ Kg7 20. axb6 axb6 21. Rxa8 Bxa8
22. Ra1 f3 23. Nb5 Bb7 24. h3 Qb8 25. Nd2 h6 26. Nxf3 Rd8 27. h4 g4 28. Nh2 h5
29. Qe3 Nh7 30. f3 gxf3 31. Nxf3 Ndf6 32. Ng5 Rf8 33. Bf5 Ng4 34. Bxg4 hxg4 35.
Ne6+ 1-0

[Event "Asian Individual Women"]
[Site "Al Ain UAE"]
[Date "2025.05.07"]
[Round "1.23"]
[White "Salimova, Asal"]
[Black "Munkhzul, Turmunkh"]
[Result "1/2-1/2"]
[WhiteTitle "WCM"]
[BlackTitle "WGM"]
[WhiteElo "2003"]
[BlackElo "2301"]
[WhiteFideId "14204940"]
[BlackFideId "4901878"]
[EventDate "2025.05.07"]

1. d4 Nf6 2. c4 e6 3. Nc3 d5 4. cxd5 exd5 5. Bg5 c6 6. e3 h6 7. Bh4 Be7 8. Bd3
O-O 9. Qc2 Re8 10. Nge2 Nbd7 11. f3 c5 12. Bf2 Nf8 13. O-O Ne6 14. dxc5 Bxc5 15.
Rad1 Bd6 16. Ng3 Qa5 17. Bb5 Rd8 18. Qa4 Qxa4 19. Bxa4 Nc5 20. Bc2 b6 21. Nxd5
Nxd5 22. Rxd5 Be6 23. Rdd1 Bxa2 24. Nf5 Bf8 25. Bh4 g5 26. Bg3 Bc4 27. Rfe1 Nd3
28. Bxd3 Rxd3 29. Rxd3 Bxd3 30. e4 Rc8 31. h4 Bc4 32. Ra1 a6 33. Bf2 Rb8 34. Be3
gxh4 35. Bxh6 Bxh6 36. Nxh6+ Kf8 37. Nf5 Rd8 38. Ne3 Bb5 39. Nd5 Rd6 40. Rc1 Bd7
41. Rc2 a5 42. Kf2 Be6 43. Nf4 Bb3 44. Rc8+ Ke7 45. Ke3 b5 46. Ne2 Rd1 47. Nd4
Re1+ 48. Kd2 Rd1+ 49. Ke3 Re1+ 50. Kd2 Rd1+ 51. Ke3 1/2-1/2